[Event "Reykjavik Open 2013"]
[Site "Reykjavik ISL"]
[Date "2013.02.22"]
[Round "5.71"]
[White "Malmdin, Nils-Ake"]
[Black "Kuehnast, Volker"]
[Result "1-0"]
[WhiteTitle "FM"]
[WhiteElo "2281"]
[BlackElo "1936"]
[WhiteFideId "1701584"]
[BlackFideId "24653756"]
[EventDate "2013.02.19"]

1. e4 g6 2. d4 Bg7 3. Nc3 d6 4. f4 e6 5. Nf3 Ne7 6. Bd3 a6 7. Be3 Nd7 8. Qd2 c5
9. Rd1 Qc7 10. O-O b5 11. dxc5 dxc5 12. Bxb5 Nc6 13. Bxc6 Qxc6 14. Ne5 Bxe5 15.
fxe5 O-O 16. Bh6 1-0

[Event "Reykjavik Open 2013"]
[Site "Reykjavik ISL"]
[Date "2013.02.22"]
[Round "5.72"]
[White "Wahlbom, Magnus"]
[Black "Saemundsson, Bjarni"]
[Result "1-0"]
[WhiteElo "2279"]
[BlackElo "1935"]
[WhiteFideId "1700685"]
[BlackFideId "2302900"]
[EventDate "2013.02.19"]

1. e4 e5 2. Nf3 Nc6 3. Bb5 a6 4. Ba4 Nf6 5. O-O Nxe4 6. d4 exd4 7. Re1 d5 8.
Nxd4 Bd6 9. Nxc6 Bxh2+ 10. Kh1 Qh4 11. Rxe4+ dxe4 12. Qd8+ Qxd8 13. Nxd8+ Kxd8
14. Kxh2 Bd7 15. Bb3 Ke7 16. Bd5 Bc6 17. Bxc6 bxc6 18. Bf4 Kd7 19. Nd2 Rae8 20.
Nb3 Rb8 21. Nc5+ Kc8 22. b3 a5 23. Nxe4 Rb4 24. c4 a4 25. Nc5 Re8 26. Bxc7 a3
27. Ba5 Rb8 28. Rd1 Ra8 29. b4 f6 30. Rd3 Rxa5 31. bxa5 Re5 32. Nb3 Re2 33. Rd2
Re1 34. a6 Kb8 35. Rd7 Rb1 36. Rb7+ Ka8 37. Na5 1-0

[Event "Reykjavik Open 2013"]
[Site "Reykjavik ISL"]
[Date "2013.02.22"]
[Round "5.73"]
[White "Halldorsson, Jon Arni"]
[Black "Herda, Christoph"]
[Result "1-0"]
[WhiteElo "2222"]
[BlackElo "1915"]
[WhiteFideId "2301075"]
[BlackFideId "24623369"]
[EventDate "2013.02.19"]

1. d4 Nf6 2. c4 c5 3. d5 b5 4. Nf3 e6 5. Bg5 exd5 6. cxd5 d6 7. e4 a6 8. a4 b4
9. Nbd2 Be7 10. Bc4 Bg4 11. O-O a5 12. Re1 Nbd7 13. h3 Bxf3 14. Nxf3 O-O 15. e5
Nxe5 16. Nxe5 dxe5 17. Rxe5 Bd6 18. Rf5 Qd7 19. Qf3 Ne8 20. Bb5 Qc7 21. Bc6 Rb8
22. Qe2 c4 23. Re1 h6 24. Bd2 Qb6 25. Qxc4 g6 26. Rf3 Kh7 27. Qh4 Qc7 28. Bxh6
Rh8 29. Qd4 f5 30. Bg5 Rf8 31. Re6 Ng7 32. Qh4+ Nh5 33. g4 fxg4 34. Rxf8 Rxf8
35. hxg4 Rxf2 36. Qxf2 Bc5 37. Be3 1-0

[Event "Reykjavik Open 2013"]
[Site "Reykjavik ISL"]
[Date "2013.02.22"]
[Round "5.74"]
[White "Bergsson, Stefan"]
[Black "Fivelstad, Jon Olav"]
[Result "1-0"]
[WhiteElo "2180"]
[BlackElo "1888"]
[WhiteFideId "2301393"]
[BlackFideId "1510339"]
[EventDate "2013.02.19"]

1. e4 c5 2. Nc3 e6 3. a3 Nc6 4. b4 cxb4 5. axb4 Nxb4 6. d4 Nf6 7. Nf3 Be7 8. d5
exd5 9. exd5 d6 10. Bb2 O-O 11. Bc4 Bf5 12. Bb3 Na6 13. Rxa6 bxa6 14. Nd4 Bg4
15. Qd3 Re8 16. O-O Bf8 17. Nc6 Qb6 18. Qg3 Be2 19. Nxe2 Rxe2 20. Bxf6 Rae8 21.
Bd4 Qb4 22. Be3 R2xe3 23. fxe3 Qc5 24. Nd4 g6 25. Qf4 Qc7 26. h4 Bg7 27. h5 Be5
28. Qg4 Qc3 29. Qf3 1-0

[Event "Reykjavik Open 2013"]
[Site "Reykjavik ISL"]
[Date "2013.02.22"]
[Round "5.75"]
[White "Ingvason, Johann"]
[Black "Johannsdottir, Johanna Bjorg"]
[Result "1-0"]
[WhiteElo "2148"]
[BlackElo "1872"]
[WhiteFideId "2301431"]
[BlackFideId "2303108"]
[EventDate "2013.02.19"]

1. e4 c5 2. Nf3 g6 3. d4 cxd4 4. Nxd4 Nc6 5. Be2 Bg7 6. c3 Nf6 7. Qc2 d5 8. exd5
Nxd4 9. Qa4+ Nd7 10. cxd4 O-O 11. Nc3 Nb6 12. Qb3 Bxd4 13. O-O e6 14. Bh6 Re8
15. Rad1 Qh4 16. Rxd4 Qxd4 17. Bf3 exd5 18. Ne2 Qf6 19. Be3 Be6 20. Bd4 Qg5 21.
Be3 Qh4 22. g3 Qf6 23. Bd4 Qd8 24. Qe3 f6 25. Qh6 Qe7 26. b3 Qf8 27. Qd2 Nd7 28.
Nf4 Ne5 29. Bg2 Rad8 30. Nxe6 Rxe6 31. Bxa7 Kg7 32. Bd4 Qe7 33. a4 Nc6 34. Bb6
Rd7 35. Bh3 Ne5 36. Qa5 f5 37. Bg2 d4 38. Bc5 Qf6 39. Qb5 d3 40. Bxb7 d2 41. Rd1
Nc6 42. Be3 Qc3 43. Bxc6 Rxc6 44. Rxd2 Rxd2 45. Bxd2 Qf3 46. Qe5+ Kf7 47. Bg5
Qd1+ 48. Kg2 Qd7 49. a5 Re6 50. Qh8 Qd5+ 51. Kh3 Qe4 52. Qxh7+ Ke8 53. Qg8+ Kd7
54. Qf7+ Kc6 55. a6 Kb6 56. a7 Re8 57. Be3+ Kb5 58. Qc4+ Qxc4 59. bxc4+ Kxc4 60.
Bf4 Rh8+ 61. Kg2 Ra8 62. Bb8 Kd4 63. Kf3 Kd3 64. h4 Kd2 65. Kf4 Ke2 66. f3 Kf2
67. g4 Kg2 68. gxf5 gxf5 69. h5 1-0

[Event "Reykjavik Open 2013"]
[Site "Reykjavik ISL"]
[Date "2013.02.22"]
[Round "5.76"]
[White "Birgisdottir, Ingibjorg"]
[Black "Palmqvist, Fredrik"]
[Result "0-1"]
[WhiteElo "1783"]
[BlackElo "2050"]
[WhiteFideId "2309424"]
[BlackFideId "1710346"]
[EventDate "2013.02.19"]

1. e4 c5 2. Nf3 Nf6 3. e5 Nd5 4. c3 d6 5. exd6 e6 6. d4 cxd4 7. Nxd4 Bxd6 8. Bd3
Nd7 9. Nd2 Nf4 10. Ne4 Nxd3+ 11. Qxd3 Bb8 12. Be3 O-O 13. O-O-O Ne5 14. Qe2 Qd5
15. Ng5 Qxa2 16. Qc2 g6 17. Nb3 Nc4 18. Bc5 Bf4+ 19. Nd2 Bxg5 20. Bxf8 Kxf8 21.
h4 Bxd2+ 22. Rxd2 Qa1+ 23. Qb1 Qxb1+ 0-1

[Event "Reykjavik Open 2013"]
[Site "Reykjavik ISL"]
[Date "2013.02.22"]
[Round "5.77"]
[White "Johansen, Arnt-Ole"]
[Black "Ragnarsson, Johann"]
[Result "0-1"]
[WhiteElo "1817"]
[BlackElo "2046"]
[WhiteFideId "1516728"]
[BlackFideId "2301040"]
[EventDate "2013.02.19"]

1. Nf3 d5 2. d4 e6 3. c4 c6 4. e3 Bd6 5. Bd3 Nd7 6. O-O f5 7. b3 Qe7 8. Bb2 Ngf6
9. Qc1 O-O 10. Ba3 Bxa3 11. Qxa3 Qxa3 12. Nxa3 b6 13. cxd5 Nxd5 14. Bc4 a5 15.
Rfc1 Bb7 16. Nc2 Nc7 17. a3 h6 18. h4 Ra7 19. Nce1 Rfa8 20. Bf1 c5 21. Nd3 Bxf3
22. gxf3 cxd4 23. exd4 Nb5 24. Rc4 a4 25. Rb4 Nc7 26. Ne5 Nd5 27. Rb5 Nxe5 28.
dxe5 axb3 29. Rxb3 Ra4 30. Bb5 Rxh4 31. Bc6 Ra5 32. Bxd5 Rxd5 33. Rxb6 Rxe5 34.
Rc1 Kf7 35. Rc7+ Kf6 36. Rbb7 g6 37. Ra7 Re1+ 38. Kg2 Kg5 39. Rc3 e5 40. Rac7
Rhh1 41. f4+ exf4 42. f3 Ra1 43. Rg7 Rhc1 44. Rxc1 Rxc1 45. a4 Rc2+ 46. Kh3 Rf2
47. a5 Rxf3+ 48. Kh2 Ra3 49. Ra7 Kg4 50. a6 Ra2+ 51. Kg1 Kg3 52. Rg7 Ra1# 0-1

[Event "Reykjavik Open 2013"]
[Site "Reykjavik ISL"]
[Date "2013.02.22"]
[Round "5.78"]
[White "Thorsteinsdottir, Gudlaug"]
[Black "De Winter, Eric"]
[Result "1/2-1/2"]
[WhiteTitle "WF"]
[WhiteElo "2041"]
[BlackElo "1823"]
[WhiteFideId "2300753"]
[BlackFideId "1033069"]
[EventDate "2013.02.19"]

1. e4 Nc6 2. d4 e5 3. d5 Nce7 4. c4 Ng6 5. Nc3 Bc5 6. Nf3 d6 7. h3 N8e7 8. b4
Bb6 9. Na4 c6 10. c5 Bc7 11. Bc4 cxd5 12. exd5 Bd7 13. Nc3 O-O 14. O-O Kh8 15.
Ne4 Bf5 16. Ng3 a5 17. bxa5 Rxa5 18. cxd6 Bxd6 19. Ng5 Nf4 20. Qf3 Bg6 21. Rd1
Qc7 22. Bb3 h6 23. N5e4 Nf5 24. Bd2 Nd4 25. Qe3 Raa8 26. Nxd6 Qxd6 27. Qe1 Nxb3
28. axb3 Rxa1 29. Rxa1 Qxd5 30. Bxf4 exf4 31. Qb4 Qd8 32. Qxf4 Re8 33. Rc1 Kh7
34. h4 Qd5 35. b4 b6 36. Qg4 h5 37. Qf4 Qd7 38. Kh2 Qe7 39. Rc6 Qd8 40. Rd6 Qb8
41. Qd4 Re6 42. Rxe6 fxe6 43. Kg1 Qc7 44. Qe3 Qd6 45. Ne4 Bxe4 46. Qxe4+ 1/2-1/2

[Event "Reykjavik Open 2013"]
[Site "Reykjavik ISL"]
[Date "2013.02.22"]
[Round "5.79"]
[White "Heimisson, Hilmir Freyr"]
[Black "Isaksson, Per"]
[Result "0-1"]
[WhiteElo "1693"]
[BlackElo "2016"]
[WhiteFideId "2309998"]
[BlackFideId "1707035"]
[EventDate "2013.02.19"]

1. e4 c6 2. d4 d5 3. e5 c5 4. c3 Nc6 5. f4 Nh6 6. Nf3 Bg4 7. Be2 e6 8. Be3 Nf5
9. Bf2 Qb6 10. Nbd2 cxd4 11. cxd4 Bxf3 12. Bxf3 Nfxd4 13. O-O Nxf3+ 14. Nxf3 Bc5
15. Bxc5 Qxc5+ 16. Kh1 O-O 17. Rc1 Qe3 18. Ng5 h6 19. Rc3 Qd4 20. Qh5 Rac8 21.
a3 Ne7 22. Rxc8 Nxc8 23. Nh3 Ne7 24. g4 Qe4+ 25. Kg1 Rc8 26. Qh4 Qe3+ 27. Nf2
Nc6 28. Qh3 Qxf4 29. Qb3 Nxe5 30. h3 Nf3+ 31. Kg2 Nh4+ 32. Kh1 Rc2 33. Kg1 Re2
34. Qc3 d4 35. Qc8+ Kh7 36. Qxb7 Qg3+ 37. Kh1 Nf3 38. Qxf3 Qxf3+ 39. Kg1 Qg3+
40. Kh1 Rxf2 41. Rxf2 Qxf2 42. b4 a6 43. b5 d3 0-1

[Event "Reykjavik Open 2013"]
[Site "Reykjavik ISL"]
[Date "2013.02.22"]
[Round "5.80"]
[White "Hauksdottir, Hrund"]
[Black "Gunnarsson, Sigurdur Jon"]
[Result "0-1"]
[WhiteElo "1671"]
[BlackElo "2000"]
[WhiteFideId "2302608"]
[BlackFideId "2308312"]
[EventDate "2013.02.19"]

1. e4 c5 2. Nf3 Nc6 3. d4 cxd4 4. Nxd4 g6 5. Nc3 Bg7 6. Be3 Nf6 7. Be2 O-O 8.
Qd2 d5 9. exd5 Nxd5 10. Nxd5 Qxd5 11. Bf3 Qe5 12. Nxc6 bxc6 13. c3 Ba6 14. Be2
Rfd8 15. Qc2 Bxe2 16. Qxe2 Qb5 17. Rc1 Rd7 18. Qxb5 cxb5 19. Ke2 Rad8 20. Rhd1
a6 21. Rxd7 Rxd7 22. Rd1 Rxd1 23. Kxd1 Be5 24. h3 f5 25. Kc2 Kf7 26. b3 Ke6 27.
g3 Kd5 28. Kd3 Bd6 29. a4 bxa4 30. bxa4 e5 31. c4+ Kc6 32. f3 Bc5 33. Bd2 Bf2
34. g4 Kc5 35. Ba5 Bd4 36. Bc7 Bb2 37. a5 Ba1 38. Bb6+ Kb4 39. Bd8 Bb2 40. Bc7
Kc5 41. Bb6+ Kb4 42. Bc7 Ka4 43. Bb6 Bc1 44. Bc7 Bf4 45. Bb6 Bg3 46. Bd8 Kb4 47.
Bb6 Be1 48. Bc7 e4+ 49. fxe4 fxe4+ 50. Kxe4 Kxc4 51. Bb6 Kb5 52. Kd3 Bxa5 53.
Bf2 Kb4 54. Kc2 Kc4 55. h4 Bb4 56. h5 a5 57. hxg6 hxg6 58. g5 a4 59. Be3 a3 60.
Bc1 Bd6 0-1

[Event "Reykjavik Open 2013"]
[Site "Reykjavik ISL"]
[Date "2013.02.22"]
[Round "5.81"]
[White "Andreasen, Jakup A.R."]
[Black "Jacobsen, Trond"]
[Result "1/2-1/2"]
[WhiteElo "1992"]
[BlackElo "1610"]
[WhiteFideId "7200528"]
[BlackFideId "1510380"]
[EventDate "2013.02.19"]

1. d4 d5 2. Nf3 Nf6 3. g3 Bf5 4. Bg2 Qc8 5. h3 c6 6. b3 Nbd7 7. c4 e6 8. O-O Bd6
9. Nbd2 Qc7 10. c5 Be7 11. Nh4 Bg6 12. Nxg6 hxg6 13. Qc2 Nh5 14. e4 Nxg3 15.
fxg3 Qxg3 16. Rf3 Qe1+ 17. Rf1 Qxe4 1/2-1/2

[Event "Reykjavik Open 2013"]
[Site "Reykjavik ISL"]
[Date "2013.02.22"]
[Round "5.82"]
[White "Orlova, Yelizaveta"]
[Black "Davidsdottir, Nansy"]
[Result "0-1"]
[WhiteTitle "WC"]
[WhiteElo "1978"]
[BlackElo "1479"]
[WhiteFideId "2601826"]
[BlackFideId "2309491"]
[EventDate "2013.02.19"]

1. d4 Nf6 2. Nf3 e6 3. g3 d5 4. Bg2 Nbd7 5. O-O c5 6. c3 b6 7. Nbd2 Bb7 8. a4
Be7 9. h3 O-O 10. Nh2 cxd4 11. cxd4 e5 12. dxe5 Nxe5 13. b3 Bc5 14. Bb2 Qd6 15.
Ndf3 Nxf3+ 16. Nxf3 Ne4 17. Nd4 Bc8 18. e3 Qg6 19. Qe2 a5 20. Nb5 Ng5 21. h4 Ne4
22. Kh2 Bb7 23. Bh3 Bc8 24. g4 f5 25. h5 Qf7 26. f3 Nd6 27. Be5 Nxb5 28. axb5
Qe7 29. f4 fxg4 30. Rg1 Rf7 31. Rxg4 Bxg4 32. Qxg4 Bxe3 33. Rd1 Raf8 34. Qe6 Qh4
35. Qxd5 Bxf4+ 36. Bxf4 Qxf4+ 37. Kh1 Qf3+ 38. Bg2 Qf5 39. Rf1 Qd7 40. Qc4 Kh8
41. Qe2 Rxf1+ 42. Bxf1 Qd5+ 43. Bg2 Qxb3 0-1

[Event "Reykjavik Open 2013"]
[Site "Reykjavik ISL"]
[Date "2013.02.22"]
[Round "5.83"]
[White "Stefansson, Vignir Vatnar"]
[Black "Newrkla, Alexander"]
[Result "0-1"]
[WhiteElo "1652"]
[BlackElo "1969"]
[WhiteFideId "2308649"]
[BlackFideId "1610830"]
[EventDate "2013.02.19"]

1. d4 Nc6 2. Nf3 d5 3. c4 e6 4. Bf4 Nf6 5. e3 Be7 6. Nc3 O-O 7. Bd3 dxc4 8. Bxc4
a6 9. O-O Nd5 10. Bg3 Nxc3 11. bxc3 g6 12. Rb1 Bf6 13. Qc2 Qe7 14. Rfe1 e5 15.
e4 h5 16. dxe5 Nxe5 17. Nxe5 Bxe5 18. Bb3 Bxg3 19. hxg3 Rb8 20. Rbd1 Be6 21.
Bxe6 Qxe6 22. Rd4 Rbd8 23. Red1 Rd6 24. Qb3 Rb6 25. Qxe6 Rxe6 26. f3 Rc6 27.
R1d3 Re8 28. Kf2 Re5 29. Rd5 Ree6 30. e5 Rc4 31. f4 Rec6 32. Rd8+ Kg7 33. R8d7
Kf8 34. e6 Rxe6 35. R7d4 Rxd4 36. cxd4 Ke7 37. Rb3 b5 38. Kf3 Kd6 39. Rc3 c6 40.
Ra3 Kd5 41. Rxa6 Kxd4 42. a4 bxa4 43. Rxa4+ Kc3 44. Ra7 f5 45. Rc7 Kc4 46. Kf2
c5 47. Rc8 Kb5 48. Rb8+ Kc6 49. g4 hxg4 0-1

[Event "Reykjavik Open 2013"]
[Site "Reykjavik ISL"]
[Date "2013.02.22"]
[Round "5.84"]
[White "Bjornes, Leif"]
[Black "Kjartansson, Dagur"]
[Result "1/2-1/2"]
[WhiteElo "1957"]
[BlackElo "1623"]
[WhiteFideId "1507397"]
[BlackFideId "2303299"]
[EventDate "2013.02.19"]

1. d4 e6 2. Nf3 Nf6 3. c4 d5 4. Nc3 b6 5. Bg5 Be7 6. e3 h6 7. Bh4 O-O 8. Qc2 Bb7
9. Bxf6 Bxf6 10. cxd5 exd5 11. Be2 Nd7 12. b4 c5 13. bxc5 bxc5 14. Rb1 cxd4 15.
Nxd4 Bxd4 16. exd4 Qc7 17. O-O Rac8 18. Rfc1 Nb6 19. Bg4 Rb8 20. Nb5 1/2-1/2

[Event "Reykjavik Open 2013"]
[Site "Reykjavik ISL"]
[Date "2013.02.22"]
[Round "5.86"]
[White "Seim, Fredrik"]
[Black "Meier, Gerd"]
[Result "1-0"]
[WhiteElo "1714"]
[BlackElo "1949"]
[WhiteFideId "1516442"]
[BlackFideId "4682971"]
[EventDate "2013.02.19"]

1. Nc3 c5 2. e4 Nc6 3. f4 g6 4. Nf3 Bg7 5. Bb5 Nd4 6. Bc4 e6 7. O-O a6 8. a4 b6
9. d3 d6 10. Ne2 Ne7 11. c3 Nxf3+ 12. Rxf3 d5 13. Bb3 dxe4 14. dxe4 Qxd1+ 15.
Bxd1 Bb7 16. Bc2 Rd8 17. Rf1 O-O 18. Be3 Nc6 19. Rad1 Na5 20. Ng3 Nc4 21. Bc1
Bh6 22. e5 Rfe8 23. Be4 Bd5 24. h4 Bg7 25. Bc2 f6 26. b3 Na5 27. c4 Bc6 28. Bb2
f5 29. Bc3 Nb7 30. h5 Kf7 31. Kf2 Bh6 32. hxg6+ Kxg6 33. Ne2 Bf8 34. g4 Rxd1 35.
Rxd1 Rd8 36. Rg1 Kf7 37. gxf5 exf5 38. Bxf5 Be7 39. e6+ Kf8 1-0

[Event "Reykjavik Open 2013"]
[Site "Reykjavik ISL"]
[Date "2013.02.22"]
[Round "5.88"]
[White "Ingason, Sigurdur"]
[Black "Ontiveros, John"]
[Result "1-0"]
[WhiteElo "1878"]
[BlackElo "1700"]
[WhiteFideId "2301709"]
[BlackFideId "2303981"]
[EventDate "2013.02.19"]

1. d4 d5 2. Nf3 e6 3. e3 c5 4. b3 Nf6 5. Bb2 Nc6 6. Bd3 Nb4 7. Be2 Qc7 8. c3 Nc6
9. O-O Bd6 10. Nbd2 Ng4 11. g3 h5 12. e4 h4 13. e5 hxg3 14. exd6 gxf2+ 15. Rxf2
Qxd6 16. Nf1 Nxf2 17. Kxf2 Bd7 18. Ba3 b6 19. Qd2 a5 20. dxc5 bxc5 21. Qe3 d4
22. cxd4 cxd4 23. Bxd6 dxe3+ 24. Nxe3 Ne7 25. Rg1 Ng6 26. Bd3 Bc6 27. Bxg6 Bxf3
28. Kxf3 fxg6 29. Rxg6 Kf7 30. Rg4 Rh3+ 31. Rg3 Rh5 32. Rg4 Rd8 33. Rf4+ Kg6 34.
Nc4 Rd5 35. Rg4+ Kh7 36. Be5 g6 37. Rh4+ Kg8 38. Rh6 Kf7 39. Rh7+ Kg8 40. Rg7+
Kf8 41. Rxg6 Rd1 42. Rxe6 Rg1 43. Rf6+ Ke7 44. Ra6 Re1 45. Ne3 Rg1 46. Rxa5 1-0

[Event "Reykjavik Open 2013"]
[Site "Reykjavik ISL"]
[Date "2013.02.22"]
[Round "5.91"]
[White "Arntsen, Frode"]
[Black "Einarsson, Oskar Long"]
[Result "1/2-1/2"]
[WhiteElo "1840"]
[BlackElo "1613"]
[WhiteFideId "1513761"]
[BlackFideId "2309220"]
[EventDate "2013.02.19"]

1. c4 Nf6 2. g3 g6 3. Bg2 Bg7 4. Nf3 O-O 5. O-O c5 6. Nc3 Nc6 7. d4 cxd4 8. Nxd4
Qb6 9. Ndb5 a6 10. Be3 Qd8 11. Nd4 Ng4 12. Nxc6 Nxe3 13. Nxd8 Nxd1 14. Nxb7 Nxc3
15. bxc3 Bxb7 16. Bxb7 Ra7 17. Bg2 Rc7 18. Rab1 Rxc4 19. Rfc1 e6 20. Rb3 a5 21.
Bb7 d5 22. Ba6 Rc6 23. Bb5 Rc5 24. c4 Rfc8 25. Ba6 R8c7 26. Rb5 Bh6 27. Rxc5
Rxc5 28. Rc2 Kf8 29. Kf1 Ke7 30. e3 Kd6 31. Ke2 dxc4 32. Rxc4 Rxc4 33. Bxc4 Kc5
34. a4 Kd6 35. e4 1/2-1/2

[Event "Reykjavik Open 2013"]
[Site "Reykjavik ISL"]
[Date "2013.02.22"]
[Round "5.92"]
[White "Ghaderi, Arman K"]
[Black "Kolka, Dawid"]
[Result "1-0"]
[WhiteElo "1827"]
[BlackElo "1646"]
[WhiteFideId "1511890"]
[BlackFideId "2308010"]
[EventDate "2013.02.19"]

1. e4 c5 2. d4 d5 3. Nd2 dxe4 4. Nxe4 Bf5 5. Ng3 Bg6 6. Nh3 Nf6 7. Nf4 Nd5 8.
Nxg6 hxg6 9. Bc4 e6 10. O-O Nd7 11. c3 Bd6 12. Qf3 Qc7 13. h3 N5f6 14. Bg5 O-O-O
15. Ne4 Be7 16. Bf4 Qa5 17. Nd6+ Bxd6 18. Bxd6 Nb6 1-0

[Event "Reykjavik Open 2013"]
[Site "Reykjavik ISL"]
[Date "2013.02.22"]
[Round "5.93"]
[White "Hyotyla, Tapio"]
[Black "Vignisson, Ingvar Egill"]
[Result "1-0"]
[WhiteElo "1792"]
[BlackElo "1542"]
[WhiteFideId "501026"]
[BlackFideId "2309270"]
[EventDate "2013.02.19"]

1. d4 Nf6 2. c4 g6 3. Nc3 Bg7 4. e4 d6 5. Bd3 O-O 6. Nge2 Nc6 7. Bc2 e5 8. d5
Ne7 9. O-O Nd7 10. Ng3 f5 11. exf5 Nxf5 12. Nxf5 gxf5 13. f4 e4 14. Be3 Nf6 15.
h3 c6 16. Rb1 a5 17. Qd2 c5 18. Nb5 b6 19. a3 Ba6 20. Ba4 Bxb5 21. Bxb5 Qe7 22.
b4 axb4 23. axb4 Ra3 24. Bxc5 Rd3 25. Bxd6 Qxd6 26. Qf2 Nh5 27. c5 bxc5 28. Bxd3
exd3 29. bxc5 Qxd5 1-0

[Event "Reykjavik Open 2013"]
[Site "Reykjavik ISL"]
[Date "2013.02.22"]
[Round "5.98"]
[White "Bakkes, Frits"]
[Black "Steinthorsson, Felix"]
[Result "1-0"]
[WhiteElo "1750"]
[BlackElo "1449"]
[WhiteFideId "1044079"]
[BlackFideId "2310040"]
[EventDate "2013.02.19"]

1. d4 d5 2. Nc3 Nf6 3. e4 dxe4 4. f3 exf3 5. Nxf3 Bg4 6. h3 Bxf3 7. Qxf3 c6 8.
Bf4 a6 9. Rd1 e6 10. Be2 Bd6 11. Bg5 Nbd7 12. Ne4 Be7 13. O-O O-O 14. Nc5 Nxc5
15. dxc5 Bxc5+ 16. Kh1 Qe7 17. Bd3 h6 18. Bxf6 Qxf6 19. Qe4 Qg6 20. Qc4 Qg5 21.
Rf4 Kh8 22. Rg4 Qd5 23. Qc3 e5 24. Be2 Bd4 25. Qg3 e4 26. c3 Be5 27. Rxd5 Bxg3
28. Rd7 Bf2 29. Rxe4 Rae8 30. Rde7 Rxe7 31. Rxe7 Bg3 32. Kg1 Rd8 33. Rxb7 f6 34.
Bxa6 Rd1+ 35. Bf1 Rb1 36. a4 Ra1 37. Rb4 f5 38. Rc4 Rb1 39. b4 Ra1 40. a5 c5 41.
Rxc5 Kh7 42. Rxf5 Rc1 43. Rf3 Be1 44. a6 Bxc3 45. b5 Bd4+ 46. Kh2 Be5+ 47. g3
Bd4 48. h4 Kg8 49. Bg2 Rb1 50. Rf5 Rb2 51. Kh3 Rc2 52. Bd5+ Kh8 53. Rf8+ 1-0

[Event "Reykjavik Open 2013"]
[Site "Reykjavik ISL"]
[Date "2013.02.22"]
[Round "5.103"]
[White "Billot, Daniel"]
[Black "Kolica, Donika"]
[Result "1-0"]
[WhiteElo "1731"]
[BlackElo "1251"]
[WhiteFideId "618004"]
[BlackFideId "2308843"]
[EventDate "2013.02.19"]

1. e4 e5 2. Nf3 Nc6 3. Bc4 Nf6 4. d4 exd4 5. O-O d5 6. exd5 Nxd5 7. Re1+ Be7 8.
Nxd4 Nf6 9. Bb5 Bd7 10. Nxc6 bxc6 11. Bc4 O-O 12. Nc3 Bd6 13. Bg5 Bxh2+ 14. Kxh2
Ng4+ 15. Qxg4 Bxg4 16. Bxd8 Raxd8 17. Re7 Rd2 18. Rae1 Rxc2 19. Rxf7 1-0

[Event "Reykjavik Open 2013"]
[Site "Reykjavik ISL"]
[Date "2013.02.22"]
[Round "5.104"]
[White "Palsdottir, Soley Lind"]
[Black "Traustason, Ingi Tandri"]
[Result "0-1"]
[WhiteElo "1393"]
[BlackElo "1840"]
[WhiteFideId "2306824"]
[BlackFideId "2302934"]
[EventDate "2013.02.19"]

1. e4 c5 2. Nf3 d6 3. d4 cxd4 4. Nxd4 Nf6 5. Nc3 a6 6. Be3 e5 7. Nb3 Be6 8. Be2
Be7 9. Nd5 Bxd5 10. exd5 O-O 11. a4 Nbd7 12. O-O Rc8 13. Kh1 Ne4 14. a5 f5 15.
f4 Ndc5 16. Nxc5 Nxc5 17. Bxc5 Rxc5 18. b4 Rc3 19. fxe5 dxe5 20. Rf3 Bxb4 21.
Rb1 Rxf3 22. Bxf3 Qd6 23. c4 e4 24. Be2 Bxa5 25. Rxb7 Bc7 26. g3 f4 27. gxf4
Rxf4 28. Qg1 Rh4 29. Rxc7 Qxc7 30. Bg4 Qxc4 31. Be6+ Kh8 32. Qf2 Qc1+ 33. Kg2
Qg5+ 34. Kh1 Rf4 35. Qe2 Rf3 36. h3 Qf4 37. Kg2 Qg3+ 38. Kh1 Rf2 39. Qxf2 Qxf2
40. d6 Qf1+ 0-1

[Event "Reykjavik Open 2013"]
[Site "Reykjavik ISL"]
[Date "2013.02.22"]
[Round "5.105"]
[White "Petersson, Baldur Teodor"]
[Black "Ohlsson, Mikael"]
[Result "1-0"]
[WhiteElo "1575"]
[BlackElo "1811"]
[WhiteFideId "2309157"]
[BlackFideId "1719700"]
[EventDate "2013.02.19"]

1. e4 c5 2. Nf3 e6 3. d4 cxd4 4. Nxd4 a6 5. Bd3 b5 6. O-O Qc7 7. Be3 Bb7 8. Nd2
Nf6 9. Qe2 Be7 10. f4 d6 11. f5 e5 12. N4f3 d5 13. Bf2 dxe4 14. Nxe4 Nbd7 15.
Nxf6+ Bxf6 16. c4 b4 17. b3 O-O 18. Rad1 Nc5 19. Bxc5 Qxc5+ 20. Kh1 Rfe8 21. Be4
Bc6 22. Rfe1 Rac8 23. Bxc6 Qxc6 24. Qe4 Qb6 25. Rd2 Kf8 26. h3 Rc5 27. Rd5 g6
28. fxg6 hxg6 29. Red1 Bg7 30. Rd6 Qc7 31. Ng5 Qc8 32. Rxg6 Re7 33. Rxg7 Kxg7
34. Qh7+ Kf6 35. Rf1+ 1-0

[Event "Reykjavik Open 2013"]
[Site "Reykjavik ISL"]
[Date "2013.02.22"]
[Round "5.109"]
[White "Kristbergsson, Bjorgvin"]
[Black "Hrafnsson, Hilmir"]
[Result "0-1"]
[WhiteElo "1197"]
[BlackElo "1331"]
[WhiteFideId "2305232"]
[BlackFideId "2310481"]
[EventDate "2013.02.19"]

1. d4 Nf6 2. f4 d6 3. h3 g6 4. b3 Bg7 5. Bb2 O-O 6. Nd2 Nbd7 7. Ngf3 Re8 8. e3
b6 9. g4 Bb7 10. Bg2 Rc8 11. c4 c6 12. Nh2 d5 13. h4 Nf8 14. h5 Qd7 15. Bh3 Nxh5
16. Nhf1 Nxf4 17. exf4 Qe6+ 18. Qe2 Qxe2+ 19. Kxe2 dxc4 20. Nxc4 c5 21. g5 Bxh1 0-1

[Event "Reykjavik Open 2013"]
[Site "Reykjavik ISL"]
[Date "2013.02.23"]
[Round "6.3"]
[White "Cheparinov, Ivan"]
[Black "Eljanov, Pavel"]
[Result "0-1"]
[WhiteTitle "GM"]
[BlackTitle "GM"]
[WhiteElo "2709"]
[BlackElo "2678"]
[WhiteFideId "2905540"]
[BlackFideId "14102951"]
[EventDate "2013.02.19"]

1. d4 d5 2. c4 c6 3. Nf3 Nf6 4. Nc3 a6 5. a4 e6 6. g3 dxc4 7. Bg2 c5 8. O-O cxd4
9. Nxd4 Be7 10. a5 O-O 11. Nc2 Qc7 12. Be3 Bd7 13. Bb6 Qc8 14. Ne3 Bb5 15. Rc1
Nfd7 16. Na4 Bg5 17. f4 Nxb6 18. Nxb6 Qc5 19. Rf3 Bf6 20. Nxa8 Rd8 21. Qe1 Nc6
22. Nb6 Bd4 23. Kf2 e5 24. b4 Nxb4 25. fxe5 Nc6 26. Qd2 c3 27. Qc2 Nxe5 28. Qf5
g6 29. Qf4 Re8 30. Nd5 Qxd5 31. Kf1 Nxf3 0-1